000 02822cam a2200757 a 4500
001 20406
003 VRT
005 20260122115453.0
008 240322s1990 xo ol fr 000 0 cze
015 _aSNBA1990/08
020 _a8021501197
_q(brožované)
035 _aSNK000006055
035 _aurn:nbn:sk:snk-amlnbb
035 _aurn:nbn:sk:snk-am00bs2i
035 _a7DA0458A-3342-42DB-B3BB-32116F3D1AEA
039 9 _a202403221341
_bVLOAD
_c202402261745
_dVLOAD
_c202308231005
_dmsnk160
_c202308230957
_dmsnk160
040 _aSNK
_bslo
_cSNK
_eAACR2
041 0 _acze
_aslo
_ager
_aeng
_hmul
043 _ae-cs---
044 _axo
_cSK
072 7 _a323
_xVnútropolitický vývoj, politický život
_2konspekt
072 7 _a94(437)
_xDejiny Československa
_2konspekt
080 _a94(437)"1989"
_22011
080 _a(048.8:082)
_22011
080 _a(084.12)
_22011
080 _a323.22/.28
_22011
080 _a(437)
_22011
080 _a328.16
_22011
080 _a328/329
_22011
080 _a323.233
_22011
080 _a323
_22011
100 1 _aGroch, Juraj
_4aut
245 1 0 _aRiport o Nežnej revolúcii
_cJuraj Groch a kolektív ; [autori fotografií: Andrej Bán ... [et al.]]
246 3 1 _aReport über die Sanfte Revolution
246 3 1 _aReport of the Soft Revolution
250 _a1. vyd.
260 _aBratislava
_bObzor
_c1990
300 _a141 strán
_bfotografie (niektoré farebné), tabuľky
_c30 cm
366 _e10000 kusov
500 _aSúbežný názov nemecky a anglicky. Ilustrácie na titulnej strane
500 _aPravdepodobne preložené z viacerých jazykov
546 _aSúbežný text v češtine, slovenčine, nemčine a angličtine
648 7 _a1989
_2SNKPH
650 0 7 _aNežná revolúcia (1989 : Československo)
_2SNKPH
650 0 7 _apolitická kríza
_2SNKPH
650 0 7 _avnútropolitický vývoj
_2SNKPH
650 0 7 _apolitika a vláda
_2SNKPH
650 0 7 _ademonštrácie
_2SNKPH
650 0 7 _aspoločnosť a politika
_2SNKPH
651 7 _aČeskoslovensko
_2SNKPHgeo
655 7 _afotografické publikácie
_2SNKPH
655 7 _akolektívne monografie
_2SNKPH
700 1 _aGroch, Juraj
_4aut
700 1 _aBán, Andrej,
_d1964-
_4pht
700 1 _aPauleová, Milada,
_d1946-
_4trl
700 1 _aWetzlerová, Etela
_4trl
942 _2ddc
_cOLDO
_n0
949 _617A0019107
_9P60, <04>, [BOOK], {604}
_asnkSB 47298 D1
949 _63822002654
_akuruktkeI-0070
_bkuruktke1998/002654
949 _63822002653
_akuruktkeI-0070
_bkuruktke1998/002653
949 _617A0873449
_asnkSB 47298
_bsnkKSP 8891/90
_s6100:20160606
949 _6270001000016658
_asvkbbC 31006
_bsvkbbm 553725
949 _6270001000016659
_asvkbbC 31006
_bsvkbbm 553915
949 _6270001000016660
_asvkbbC 31006
_bsvkbbm 553916
999 _c20406
_d20406